Alle Super Smash Bros Ultimate Kämpfer - Statistiken

Allgemein
  • Dieses Quiz wurde 95 mal gespielt
  • Das Durchschnittsergebnis liegt bei 42 aus 74
Antwortstatistiken
Kämpfer % Korrekt
Luigi
100%
Mario
100%
Peach
95%
Bowser
92%
Daisy
91%
Zelda
91%
Link
89%
Donkey Kong
88%
Yoshi
84%
Kirby
83%
Pikachu
83%
Wario
81%
Pokemon Trainer
77%
Samus
77%
Diddy Kong
75%
Ganondorf
72%
Fox
70%
Bowser Jr.
67%
Ness
67%
Ken
64%
Lucas
63%
Pichu
63%
Toon-Link
61%
König Dedede
59%
Pac-Man
59%
Dr. Mario
58%
Mr. Game & Watch
58%
Pit
58%
Dunkle Samus
56%
Lucario
56%
Rosalina und Luma
56%
Mega Man
55%
Zero Suit Samus
55%
Bewohner
53%
Captain Falcon
53%
Falco
53%
Junger Link
53%
Pummeluff
53%
Snake
53%
Sonic
53%
King K. Rool
52%
Marth
52%
Melinda
52%
Mewtu
52%
Palutena
52%
Wolf
52%
Meta-Knight
50%
Fuegro
48%
R.O.B.
48%
Ice Climbers
47%
Inkling
47%
Lucina
47%
Quajutsu
47%
Ridley
47%
Roy
45%
Shiek
45%
Ike
44%
Ryu
44%
Bayonetta
42%
Olimar
42%
Shulk
42%
Little Mac
39%
Cloud
38%
Duck Hunt
36%
Simon
36%
Mii-Schütze
33%
Richter
33%
Mii-Schwertkämpfer
31%
Corrin
30%
Daraen
28%
Mii-Boxer
28%
Wii Fit-Trainerin
28%
Finsterer Pit
27%
Chrom
25%
Keine übereinstimmenden Quizze gefunden
Verteilung der Resultate
Anzahl Personen mit jedem Resultat
Perzentil nach korrekt beantworteten Fragen
Ihre Resultats-Entwicklung
Sie haben dieses Quiz noch nicht gespielt